Levinson's review of medical microbiology and immunology: A guide to clinical infectious diseases (Record no. 393782)

MARC details
000 -LEADER
fixed length control field 00786 a2200277 4500
005 - DATE & TIME
control field 20260129111318.0
008 - FIXED-LENGTH DATA ELEMENTS--GENERAL INFORMATION
fixed length control field 260128b |||||||| |||| 00| 0 eng d
020 ## - ISBN
International Standard Book Number 9781265126001
Price $ 35.00
040 ## - CATALOGING SOURCE
Original cataloging agency VIVEKANANDA LIBRARY
082 ## - DDC NUMBER
Classification number 616.9041
Book Number C441L(18)
100 ## - MAIN ENTRY--PERSONAL NAME
Personal name Chin-Hong, Peter
245 ## - TITLE STATEMENT
Title Levinson's review of medical microbiology and immunology: A guide to clinical infectious diseases
250 ## - EDITION STATEMENT
Edition statement 18th
260 ## - PUBLICATION, DISTRIBUTION, ETC. (IMPRINT)
Name of publisher, distributor, etc McGraw Hill
Date of publication, distribution, etc 2024
Place of publication, distribution, etc New York
300 ## - PHYSICAL DESCRIPTION
Pages ix, 843
650 ## - Subject
Subject Immunology
650 ## - Subject
Subject Pathology
650 ## - Subject
Subject Clinical Virology
700 ## - Added Entry Personal Name
Added Entry Personal Name Joyce, Elizabeth A
700 ## - Added Entry Personal Name
Added Entry Personal Name Karandikar, Manjiree
700 ## - Added Entry Personal Name
Added Entry Personal Name Matloubian, Mehrdad
700 ## - Added Entry Personal Name
Added Entry Personal Name Rubio, Luis Alberto
700 ## - Added Entry Personal Name
Added Entry Personal Name Schwartz, Brian
700 ## - Added Entry Personal Name
Added Entry Personal Name Levinson, Warren
942 ## - ADDED ENTRY ELEMENTS (KOHA)
Koha item type Books
Holdings
Withdrawn status Lost status Source of classification or shelving scheme Damaged status Not for loan Location (home branch) Sublocation or collection (holding branch) Shelving location Date acquired Koha issues (times borrowed) Koha full call number Accession No. Koha date last seen Koha item type
    Dewey Decimal Classification     VIVEKANANDA LIBRARY VIVEKANANDA LIBRARY Vivekananda Library 03/12/2025   616.9041 C441L(18) 443507 03/12/2025 Books
© Designed and Maintained by Vivekananda Library, MDU Rohtak